Atatürk yolunda olanlarla... (Record no. 869)

MARC details
000 -BAŞLIK
Sabit Uzunlukta Kontrol Alanı 00654na a2200217 4500
001 - KONTROL NUMARASI
Denetim Alanı 15961
003 - KONTROL NUMARASI IDENTIFIER
Denetim Alanı MIRAKIL
005 - SON İŞLEM TARİHİ VE ZAMANI
Denetim Alanı 20181213154804.0
008 - SABİT-BOY VERİ ELEMANLARI - GENEL BİLGİLER
Sabit Uzunlukta Kontrol Alanı 161003b tu 000 0
040 ## - KATALOGLAMA KAYNAK
Orijinal Kataloglama Ajansı Milas
Kataloglama Dili tur
Metne Dönüştürmek Ajansı TR-AnCHP
082 ## - DEWEY ONLU SINIFLANDIRMA NUMARASI
Sınıflandırma Numarası 923.6 Gülhan, K.
Ürün Numarası G94a [t.y.]
090 ## - SINIFLAMA NUMARASI
Sınıflama Numarası 923.6 Gülhan,K. G94a [t.y.]
100 ## - ANA GİRİŞ - KİŞİSEL İSİM
Kişisel Ad Gülhan, Kadri
Bir Adıyla İlişkilendirilen Tarihler 1926-
245 ## - BAŞLIK TABLOSU
Başlık Atatürk yolunda olanlarla...
Sorumluluk Tablosu, Vb Kadri Gülhan
260 ## - YAYIN, DAĞITIM, VB
Yayın, Dağıtım, Vb Yeri İzmir
Yayıncı, Dağıtıcı, Vs Adı [yayl.y.]
Yayın, Dağıtım, Vb Tarihi [t.y.]
Üretici Firma Kanyılmaz Matbaası
300 ## - FİZİKSEL TANIM
Kapsam 88 s.
Diğer Fiziksel Ayrıntıları fotğ.
Boyutlar 20 sm.
500 ## - GENEL NOT
Genel Not Kitap yazarından imzalıdır.
600 ## - KONU KATMA GİRİŞ - KURUMSAL ADI
Kişisel Ad Gülhan, Kadri
Genel Alt Bölümü Anılar
650 ## - KONU KATMA GİRİŞ - TOPİKAL DÖNEM
Topikal Süreli Veya Coğrafi Ad Giriş Elemanı Atatürkçüler
Genel Alt Bölümü Anılar
942 ## - EKLENDİ GİRİŞ ELEMANLARI (KOHA)
Sınıflandırma Veya Raf Düzeni Kaynak Dewey Decimal Classification
Koha Öğesi Türü Books
999 ## - SİSTEM KONTROL NUMARALARI (KOHA)
Koha Biblionumber 869
Koha Biblioitemnumber 869
Holdings
Kalıcı Konum Mevcut Konum Edinme Tarihi Edinim Kaynak Toplam Check-Out'Lar Tam Çağrı Numarası Barkod Tarih Son Görülme İtibaren Geçerli Fiyatlar Koha Öğesi Türü
CHP Kütüphanesi CHP Kütüphanesi 09/27/2016 Bağış   923.6 Gülhan,K. G94a [t.y.] 005115 09/27/2016 09/27/2016 Books